000 00929nam a2200265Ia 4500
005 20251020182459.0
008 200515s9999 xx 000 0 und d
020 _a968-18-1383-9
082 _a624.931/A50
100 _aAmbrose, James
245 0 _aDiseño simplificado de estructuras de edificios
250 _a6a ed.
260 _aMéxico, D.F.
260 _bLIMUSA ; NORIEGA EDITORES
260 _c1988
300 _a270 p.
300 _btbl., graf.
500 _a1 ejemplar
520 _aEjemplifica los problemas y procesos de diseño de los sistemas estructurales para construcciones. El procedimiento que se utiliza consiste en presentar un diseño de construcción general como una condición dada, y analizar la selección y el diseño de los e
650 _aESTRUCTURAS
650 _aESTRUCTURAS DE ACEROESTRUCTURAS DE CONCRETO
650 _aESTRUCTURAS DE MADERA
942 _cLIB
999 _c1119
_d1119